00574nam a2200157 a 450000100100000000500170001000800410002702000180006804000250008608200160011110000330012724501030016026000500026330000370031358600660035000003681020200930075941.0120201s2012 dr ac 000 0 spa d a9789945872347 aDO-SdBNPbspacBNPHU axxxxbM671a1 aMirabal, Yoselman R.,d1969-10aAprendiendo a estudiar la biblia. /cYoselman R. Mirabal; prólogo de Urbano Ventura Rodríguez. aSanto Domingo :bMirabal producciones,c2012. a147 p. :bils., retrs. ;c22 cm. aLa biblioteca posee dos ejemplares autografiados por el autor